| 000 | 03471nam a22005775i 4500 | ||
|---|---|---|---|
| 001 | 978-3-319-43626-5 | ||
| 003 | DE-He213 | ||
| 005 | 20210118141351.0 | ||
| 007 | cr nn 008mamaa | ||
| 008 | 160930s2017 gw | s |||| 0|eng d | ||
| 020 |
_a9783319436265 _9978-3-319-43626-5 |
||
| 024 | 7 |
_a10.1007/978-3-319-43626-5 _2doi |
|
| 050 | 4 | _aQC174.45-174.52 | |
| 072 | 7 |
_aPHQ _2bicssc |
|
| 072 | 7 |
_aSCI057000 _2bisacsh |
|
| 072 | 7 |
_aPHS _2thema |
|
| 082 | 0 | 4 |
_a530.14 _223 |
| 100 | 1 |
_aRychkov, Slava. _eauthor. _4aut _4http://id.loc.gov/vocabulary/relators/aut |
|
| 245 | 1 | 0 |
_aEPFL Lectures on Conformal Field Theory in D ≥ 3 Dimensions _h[electronic resource] / _cby Slava Rychkov. |
| 250 | _a1st ed. 2017. | ||
| 264 | 1 |
_aCham : _bSpringer International Publishing : _bImprint: Springer, _c2017. |
|
| 300 |
_aXII, 72 p. 14 illus., 12 illus. in color. _bonline resource. |
||
| 336 |
_atext _btxt _2rdacontent |
||
| 337 |
_acomputer _bc _2rdamedia |
||
| 338 |
_aonline resource _bcr _2rdacarrier |
||
| 347 |
_atext file _bPDF _2rda |
||
| 490 | 1 |
_aSpringerBriefs in Physics, _x2191-5423 |
|
| 520 | _aThis primer develops Conformal Field Theory (CFT) from scratch, whereby CFT is viewed as any conformally-invariant theory that describes a fixed point of a renormalization group flow in quantum field theory. The book is divided into four lectures: Lecture 1 addresses the physical foundations of conformal invariance, while Lecture 2 examines the constraints imposed by conformal symmetry on the correlation functions of local operators, presented using the so-called projective null cone – a procedure also known as the embedding formalism. In turn, Lecture 3 focuses on the radial quantization and the operator product expansion, while Lecture 4 offers a very brief introduction to the conformal bootstrap. Derived from course-based notes, these lectures are intended as a first point of entry to this topic for Master and PhD students alike. | ||
| 650 | 0 | _aQuantum field theory. | |
| 650 | 0 | _aString theory. | |
| 650 | 0 | _aElementary particles (Physics). | |
| 650 | 0 | _aMathematical physics. | |
| 650 | 1 | 4 |
_aQuantum Field Theories, String Theory. _0http://scigraph.springernature.com/things/product-market-codes/P19048 |
| 650 | 2 | 4 |
_aElementary Particles, Quantum Field Theory. _0http://scigraph.springernature.com/things/product-market-codes/P23029 |
| 650 | 2 | 4 |
_aMathematical Applications in the Physical Sciences. _0http://scigraph.springernature.com/things/product-market-codes/M13120 |
| 710 | 2 | _aSpringerLink (Online service) | |
| 773 | 0 | _tSpringer eBooks | |
| 776 | 0 | 8 |
_iPrinted edition: _z9783319436258 |
| 776 | 0 | 8 |
_iPrinted edition: _z9783319436272 |
| 830 | 0 |
_aSpringerBriefs in Physics, _x2191-5423 |
|
| 856 | 4 | 0 | _uhttps://doi.org/10.1007/978-3-319-43626-5 |
| 912 | _aZDB-2-PHA | ||
| 999 |
_c450200 _d450200 |
||
| 942 | _cEB | ||
| 506 | _aAvailable to subscribing member institutions only. Доступно лише організаціям членам підписки. | ||
| 506 | _fOnline access from local network of NaUOA. | ||
| 506 | _fOnline access with authorization at https://link.springer.com/ | ||
| 506 | _fОнлайн-доступ з локальної мережі НаУОА. | ||
| 506 | _fОнлайн доступ з авторизацією на https://link.springer.com/ | ||